Statistics for Countries 2 Borders Away: Ethiopia

Click here to take the quiz!

General Stats

  • This quiz has been taken 10 times
  • The average score is 7 of 7

Answer Stats

Country% Correct
Chad
100%
Egypt
100%
Libya
100%
Central African Republic
90%
Democratic Republic of the Congo
90%
Uganda
90%
Tanzania
80%

Score Distribution

Percentile by Number Answered

Percent of People with Each Score

Your Score History

You have not taken this quiz